000 00525nam a2200181Ia 4500
008 240925s9999 xx 000 0 und d
020 _a8176565253
082 _a005.72 WEV
100 _aWeverka, Peter ; Holzschlag ,Molly E.
245 0 _aMastering Microsoft Frontpage 2002
250 _aNA
260 _aNew Delhi:
_bBPB Publication
_c,2001.
300 _axxxiii,968p.
_bNA
_fOriginal
500 _aIncludes Index
600 _aComputer Science
650 _aComputer science, information & general works
942 _cBK
999 _c7364
_d7364